000 01319nac a22003977a 4500
001 BR0400085
003 BR-BrBNA
005 20240105122925.0
008 230509b bl.|||m| |||| 00| 0 por d
040 _aBR-BrBNA
_bpor
_cBiblioteca Nacional de Agricultura
072 _aF08; P35
090 _a1190 BR0400085
100 1 _aLocatelli, M.
100 1 _aSouza, V.F. de
100 1 _aVieira, A.H.
100 1 _aQUisen, R.C.
110 1 _aCentro de Pesquisa Agroflorestal de Rondônia, Porto Velho (Brasil)
245 1 _aNutrientes e biomassa em sistemas agroflorestais com ênfase no cupuaçuzeiro, em solo de baixa fertilidade
260 3 _aPorto Velho, RO (Brasil):
_c2001.
300 _a17 p.
490 _aBoletim de Pesquisa e Desenvolvimento - Centro de Pesquisa Agroflorestal de Rondônia (Brazil)
_vno. 1
_xISSN 1677-8618
500 _a6 tables; 19 ref.
650 _aCUPUAÇU
650 _aSISTEMA DE CULTIVO
650 _aCONSORCIAÇÃO DE CULTURA
650 _aCASTANHA DO PARÁ
650 _aFERTILIDADE DO SOLO
650 _aDEFICIÊNCIA MINERAL
650 _aFREIJÓ-LOURO
650 _aRENDIMENTO
650 _aDISPONIBILIDADE DE NUTRIENTE
650 _aPRODUÇÃO VEGETAL
650 _aFRUTO
909 _a202312
_bLúcia Elande
_c55
_dLúcia Elande
942 _2AGRIS
_n0
_cMS
999 _c293326
_d293326